000 00570nam a22002297a 4500
003 UA-OsUOA
001 100663
007 ta
008 20130529b un ||||| |||| 00| 0 ukr d
100 _aФуэнтес К.
090 _a821.134.2
_bФ96
942 _cBK
040 _aUA-OsUOA
_brus
_cUA-OsUOA
_dUA-OsUOA
245 _aИзбранное
300 _a398 с.
955 _a3
041 _arus
080 _a821.134.2
260 _aМ.
_bРадуга
_c1983
650 7 _a82 Література. Літературознавство
_2UDC
999 _c386827
_d386827